Iberoamérica habla / (Registro nro. 11660)

Detalles MARC
000 -LEADER
fixed length control field 01004nam a2200241 a 4500
001 - CONTROL NUMBER
control field 3566973
003 - CONTROL NUMBER IDENTIFIER
control field OSt
005 - DATE AND TIME OF LATEST TRANSACTION
control field 20210510105916.0
008 - FIXED-LENGTH DATA ELEMENTS--GENERAL INFORMATION
fixed length control field 980408s1997 ck abc 001 0 spa d
020 ## - INTERNATIONAL STANDARD BOOK NUMBER
International Standard Book Number 9589563430
040 ## - CATALOGING SOURCE
Original cataloging agency MiU
Transcribing agency CO-JMCR
Modifying agency DLC
041 0# - LANGUAGE CODE
Language code of text/sound track or separate title spa
082 04 - DEWEY DECIMAL CLASSIFICATION NUMBER
Classification number 330.9172 /
Item number C653i
Edition number 23
100 1# - MAIN ENTRY--PERSONAL NAME
Personal name Lemoine, Carlos.,
Relator term autor
9 (RLIN) 26113
245 10 - TITLE STATEMENT
Title Iberoamérica habla /
Statement of responsibility, etc. Carlos Lemoine.
260 ## - PUBLICATION, DISTRIBUTION, ETC.
Place of publication, distribution, etc. [Bogotá, Colombia] :
Name of publisher, distributor, etc. CIMA,
Date of publication, distribution, etc. 1997.
300 ## - PHYSICAL DESCRIPTION
Extent 745 páginas :
Other physical details Ilustraciones, mapas y gráficos en blanco y negro ;
Dimensions 30 cm.
500 ## - GENERAL NOTE
General note Incluye índices.
505 0# - FORMATTED CONTENTS NOTE
Formatted contents note La familia. -- La felicidad. -- La religión. -- El trabajo. -- La evolución económica. -- los principales problemas. -- Las instituciones. -- Los derechos humanos. -- Opinión y relaciones internacionales. -- La integración. -- La visión sobre otros países.
650 14 - SUBJECT ADDED ENTRY--TOPICAL TERM
Topical term or geographic name entry element Opinión pública.
Geographic subdivision América Latina.
9 (RLIN) 37495
650 24 - SUBJECT ADDED ENTRY--TOPICAL TERM
Topical term or geographic name entry element Condiciones sociales
Geographic subdivision América latina
9 (RLIN) 10314
942 ## - ADDED ENTRY ELEMENTS (KOHA)
Source of classification or shelving scheme Dewey Decimal Classification
Koha item type Books
Existencias
Withdrawn status Lost status Source of classification or shelving scheme Damaged status Not for loan Home library Current library Shelving location Date acquired Source of acquisition Full call number Barcode Date last seen Copy number Price effective from Koha item type
    Dewey Decimal Classification     Biblioteca Pública José María del Castillo y Rada Biblioteca Pública José María del Castillo y Rada General Stacks 04/15/2018 Donación 330.9172 / C653i 430002105 05/16/2024 Ej.1 03/10/2021 Books